000 00817nam a2200265Ia 4500
003 OSt
005 20221005093653.0
006 a|||||r|||| 00| 0
007 ta
008 221004b |||||||| |||| 00| 0 eng d
020 _a0130821985
_c3072.90
024 _a81885
037 _b1724, 30/03/2005, Bharat Scientific Syndicate
_cTextual
040 _aCRL
_cCRL
_beng
041 _2eng
_aeng
082 _aWxM44, P0
100 _aPorter Jane M. Ed.
_9618668
245 0 _aClassics in political philosophy edited by Jene M. Porter
250 _a3rd
260 _aOntario
_bPrentice Hall Canada
_c2000
300 _a690p.
_ccm.
650 _aPOLITICAL SCIENCE
942 _hWxM44, P0
_cTEXL
_2cc
999 _c1000790
_d1000790